| 000 | 00461nam a2200205Ia 4500 | ||
|---|---|---|---|
| 005 | 20250425160803.0 | ||
| 008 | 250425s9999 xx 000 0 und d | ||
| 020 | _a0122056604 | ||
| 041 | _aeng | ||
| 082 | _a614.71 | ||
| 100 | _aDAVIES, C.N. | ||
| 245 | 0 | _aAIR FILTRATION | |
| 250 | _a2ND ED. | ||
| 260 | _aLONDON | ||
| 260 |
_aReino Unido _bACADEMIC PRESS _c1973 |
||
| 300 | _a171 | ||
| 650 | _aFILTRACION DE AIRE | ||
| 942 | _c01 | ||
| 010 | _a5198 | ||
| 999 |
_c196132 _d196132 |
||